000 00255nam a2200097Ia 4500
001 1221370
005 20250827092828.0
008 250824s9999 xx 000 0 und d
245 0 _aEN GÜZEL İSİMLER ALLAHINDIR
_cUĞUR KOŞAR
260 _bDESTEK YAYINLARI
999 _c1221370
_d1221370